Para subir al cielo
Saved in:
| Main Author: | |
|---|---|
| Format: | Book |
| Language: | Spanish |
| Published: |
Santiago
Zig-Zag
1960
|
| Edition: | 2a. ed |
| Series: | Biblioteca de novelistas
|
| Subjects: | |
| Tags: |
Add Tag
No Tags, Be the first to tag this record!
|
MARC
| LEADER | 00000nam a2200000 a 4500 | ||
|---|---|---|---|
| 001 | UCW5105 | ||
| 003 | CL-VaPUC | ||
| 008 | 901204e19600000CL |||||||||||||||||spa|d | ||
| 082 | 0 | 4 | |a Ch863 |b LAF |2 21 |
| 100 | |a Lafourcade Valdenegro, Enrique |e autor |9 543407 | ||
| 245 | 1 | 0 | |a Para subir al cielo |
| 250 | |a 2a. ed | ||
| 300 | |a 200 p | ||
| 942 | |c BK | ||
| 945 | |d 19901204 00:00:00 | ||
| 260 | |a Santiago |b Zig-Zag |c 1960 | ||
| 650 | 0 | |a Novelas chilenas |9 265425 | |
| 583 | |a last modification |c 19901204 00:00:00 |k Rodrigo Vera | ||
| 490 | 0 | |a Biblioteca de novelistas | |
| 999 | |c 218616 |d 218614 | ||
| 952 | |0 0 |1 0 |4 0 |6 CH_863_000000000000000_LAF_1960 |7 0 |8 A |9 208424 |a BIBEDU |b BIBEDU |d 2019-11-15 |i 1446282 |o Ch863 LAF 1960 |p 1446282 |r 2019-11-15 |w 2019-11-15 |y BK |k LIT | ||
| 952 | |0 0 |1 0 |4 0 |6 CH_863_000000000000000_LAF_1960 |7 0 |8 A |9 208425 |a BIBEDU |b BIBEDU |d 2019-11-15 |i 2763451 |o Ch863 LAF 1960 |p 2763451 |r 2019-11-15 |w 2019-11-15 |y BK |k EDU | ||